000 00982cam a22003257a 4500
003 CHAP
005 20220329142624.0
008 020521d1997 mx r 00110 spa d
010 _a85750
011 _a86722
020 _a968165370X
035 _a97262
040 _cCHAP
082 0 4 _a860
_bP3
100 0 0 _aPerea, Héctor
_ecomp.
_987100
245 1 0 _aEspaña en la obra de Alfonso Reyes
_c/comp. por Héctor Perea
250 _a2 ed.
260 _aMéxico, D.F. ;
_bFondo de Cultura Económica,
_c1997.
300 _a708 p.
590 _aBATCH-UPD
_b10
_c20130110
_lUCH01
_h0747
590 _aBATCH-UPD
_b10
_c20130410
_lUCH01
_h0428
590 _aBATCH-UPD
_b10
_c20130914
_lUCH01
_h1726
590 _aCONVERSION
_b10
_c20130109
_lUCH01
_h1348
650 1 4 _aLiteratura española.
_967124
650 1 4 _aLiteratura mexicana.
_967138
901 _aBK
905 _aMayto Villalobos S
942 _cLIBRO
949 _a860 P3
_bBC
_cLIBRO
_d33724000851564
_eLIBRO
_h102418
_i97262
_si
999 _c85750
_d85750